Normal view
MARC view
- H Cotton
Entry Personal Name
001 - CONTROL NUMBER
- control field: 113708
003 - CONTROL NUMBER IDENTIFIER
- control field: NUST
005 - DATE AND TIME OF LATEST TRANSACTION
- control field: 20230718124757.0
008 - FIXED-LENGTH DATA ELEMENTS
- fixed length control field: 230718|| aca||aabn | a|a d
040 ## - CATALOGING SOURCE
- Original cataloging agency: NUST
- Transcribing agency: NUST
100 ## - HEADING--PERSONAL NAME
- Personal name: H Cotton
670 ## - SOURCE DATA FOUND
- Source citation: Work cat.: (NUST)180345: Cotton, H. 40193, Electrical Technology /, 1949
